La Odisea

Saved in:
Bibliographic Details
Main Author: Homero (autor)
Format: Book
Language:Spanish
Published: Barcelona Sopena 1976
Series:Biblioteca Clásica Sopena, 60
Subjects:
Tags: Add Tag
No Tags, Be the first to tag this record!

MARC

LEADER 00000nam a2200000 a 4500
001 UCX2786
003 CL-VaPUC
008 910812e19760000SP |||||||||||||||||spa|d
082 0 4 |a 883  |b HOM  |2 21 
100 |a Homero   |e autor  |9 265577 
245 1 3 |a La Odisea 
300 |a 291 p 
942 |c BK 
945 |d 19910812 00:00:00 
260 |a Barcelona  |b Sopena  |c 1976 
650 7 |a POESIAS EPICAS GRIEGAS  |2 CL-VaPUC  |9 265677 
583 |a last modification  |c 19910812 00:00:00  |k Rodrigo Vera 
490 0 |a Biblioteca Clásica Sopena, 60 
999 |c 223733  |d 223731 
952 |0 0  |1 0  |4 0  |6 883_000000000000000_HOM_1976  |7 0  |8 A  |9 219787  |a BIBEDU  |b BIBEDU  |d 2019-11-15  |i 288478K  |o 883 HOM 1976  |p 288478K  |r 2019-11-15  |w 2019-11-15  |y BK  |k LIT 
952 |0 0  |1 0  |4 0  |6 883_000000000000000_HOM_1976  |7 0  |8 A  |9 219788  |a BIBEDU  |b BIBEDU  |d 2019-11-15  |i 2884801  |o 883 HOM 1976  |p 2884801  |r 2019-11-15  |w 2019-11-15  |y BK  |k LIT 
952 |0 0  |1 0  |4 0  |6 883_000000000000000_HOM_1976  |7 0  |8 A  |9 219789  |a BIBEDU  |b BIBEDU  |d 2019-11-15  |i 2884828  |o 883 HOM 1976  |p 2884828  |r 2019-11-15  |w 2019-11-15  |y BK  |k LIT 
952 |0 0  |1 0  |4 0  |6 883_000000000000000_HOM_1976  |7 0  |8 A  |9 219790  |a BIBEDU  |b BIBEDU  |d 2019-11-15  |i 325397K  |o 883 HOM 1976  |p 325397K  |r 2019-11-15  |w 2019-11-15  |y BK  |k LIT 
952 |0 0  |1 0  |4 0  |6 883_000000000000000_HOM_1976  |7 0  |8 A  |9 219791  |a BIBHIS  |b BIBHIS  |d 2019-11-15  |i 1364065  |o 883 HOM 1976  |p 1364065  |r 2025-01-20  |w 2019-11-15  |y BK  |k HIS 
952 |0 0  |1 0  |4 0  |6 883_000000000000000_HOM_1976  |7 0  |8 A  |9 219792  |a BIBHIS  |b BIBHIS  |d 2019-11-15  |i 1364073  |o 883 HOM 1976  |p 1364073  |r 2025-01-20  |w 2019-11-15  |y BK  |k HIS 
952 |0 0  |1 0  |4 0  |6 883_000000000000000_HOM_1976  |7 0  |8 A  |9 219793  |a BIBHIS  |b BIBHIS  |d 2019-11-15  |i 1364081  |o 883 HOM 1976  |p 1364081  |r 2025-01-20  |w 2019-11-15  |y BK  |k HIS 
952 |0 0  |1 0  |4 0  |6 883_000000000000000_HOM_1976  |7 0  |8 A  |9 219794  |a BIBHIS  |b BIBHIS  |d 2019-11-15  |i 136409K  |o 883 HOM 1976  |p 136409K  |r 2025-01-20  |w 2019-11-15  |y BK  |k HIS 
952 |0 0  |1 0  |4 0  |6 883_000000000000000_HOM_1976  |7 0  |8 A  |9 219795  |a BIBHIS  |b BIBHIS  |d 2019-11-15  |i 1364103  |o 883 HOM 1976  |p 1364103  |r 2025-01-20  |w 2019-11-15  |y BK  |k HIS 
952 |0 0  |1 0  |4 0  |6 883_000000000000000_HOM_1976  |7 0  |8 A  |9 219796  |a BIBHIS  |b BIBHIS  |d 2019-11-15  |i 1364111  |o 883 HOM 1976  |p 1364111  |r 2025-01-20  |w 2019-11-15  |y BK  |k HIS